Africa Inside Me / (Record no. 13825)
[ view plain ]
| 000 -CABECERA | |
|---|---|
| campo de control de longitud fija | 01248nam a2200313 4500 |
| 003 - IDENTIFICADOR DEL NÚMERO DE CONTROL | |
| campo de control | OSt |
| 005 - FECHA Y HORA DE LA ÚLTIMA TRANSACCIÓN | |
| campo de control | 20260530115322.0 |
| 008 - DATOS DE LONGITUD FIJA--INFORMACIÓN GENERAL | |
| campo de control de longitud fija | 260520b2019 lu a|||| |||| 00| 0 fre d |
| 040 ## - FUENTE DE LA CATALOGACIÓN | |
| Centro catalogador/agencia de origen | ICI |
| Lengua de catalogación | spa |
| Centro/agencia transcriptor | ICI |
| 050 ## - SIGNATURA TOPOGRÁFICA DE LA BIBLIOTECA DEL CONGRESO | |
| Número de clasificación | N6953.B67 |
| Número de documento/Ítem | A4 2019 |
| 100 1# - ENTRADA PRINCIPAL--NOMBRE DE PERSONA | |
| Nombre de persona | Borchgrave, Isabelle de, |
| Fechas asociadas al nombre | 1946-2024, |
| Término indicativo de función/relación | artist. |
| 9 (RLIN) | 34580 |
| 245 10 - MENCIÓN DE TÍTULO | |
| Título | Africa Inside Me / |
| Resto del título | Isabelle de Borchgrave. |
| 264 ## - PRODUCCIÓN, PUBLICACIÓN, DISTRIBUCIÓN, FABRICACIÓN Y COPYRIGHT | |
| Producción, publicación, distribución, fabricación y copyright | Luxembourg : |
| Nombre del de productor, editor, distribuidor, fabricante | Degroof Petercam, |
| Fecha de producción, publicación, distribución, fabricación o copyright | 2019. |
| 300 ## - DESCRIPCIÓN FÍSICA | |
| Extensión | 101 paginas |
| Otras características físicas | color illustrations ; |
| 336 ## - TIPO DE CONTENIDO | |
| Fuente | rdacontent |
| Término de tipo de contenido | texto |
| 337 ## - TIPO DE MEDIO | |
| Fuente | rdamedia |
| Nombre/término del tipo de medio | sin medio |
| 338 ## - TIPO DE SOPORTE | |
| Fuente | rdacarrier |
| Nombre/término del tipo de soporte | volumen |
| 500 ## - NOTA GENERAL | |
| Nota general | Catalog published in conjunction with the exhibition held at Degroof Petercam Luxembourg in 2019. |
| 520 ## - SUMARIO, ETC. | |
| Sumario, etc. | Art exhibition inspired by African cultures and artistic interpretations by Belgian artist Isabelle de Borchgrave. |
| 600 ## - PUNTO DE ACCESO ADICIONAL DE MATERIA--NOMBRE DE PERSONA | |
| Nombre de persona | Borchgrave, Isabelle de, |
| Subdivisión general | Exposiciones. |
| 9 (RLIN) | 34581 |
| 650 #4 - PUNTO DE ACCESO ADICIONAL DE MATERIA--TÉRMINO DE MATERIA | |
| Término de materia o nombre geográfico como elemento de entrada | Arte belga |
| Subdivisión cronológica | Siglo XXI. |
| 9 (RLIN) | 34582 |
| 650 #4 - PUNTO DE ACCESO ADICIONAL DE MATERIA--TÉRMINO DE MATERIA | |
| Término de materia o nombre geográfico como elemento de entrada | Arte africano en el arte. |
| 9 (RLIN) | 34583 |
| 650 #4 - PUNTO DE ACCESO ADICIONAL DE MATERIA--TÉRMINO DE MATERIA | |
| Término de materia o nombre geográfico como elemento de entrada | Escultura en papel. |
| 9 (RLIN) | 34584 |
| 650 #4 - PUNTO DE ACCESO ADICIONAL DE MATERIA--TÉRMINO DE MATERIA | |
| Término de materia o nombre geográfico como elemento de entrada | Arte contemporáneo belga. |
| 9 (RLIN) | 34585 |
| 650 #4 - PUNTO DE ACCESO ADICIONAL DE MATERIA--TÉRMINO DE MATERIA | |
| Término de materia o nombre geográfico como elemento de entrada | África en el arte. |
| 9 (RLIN) | 34586 |
| 651 ## - PUNTO DE ACCESO ADICIONAL DE MATERIA--NOMBRE GEOGRÁFICO | |
| Nombre geográfico | Luxemburgo |
| Subdivisión general | Vida cultural. |
| 9 (RLIN) | 34587 |
| 710 2# - PUNTO DE ACCESO ADICIONAL--NOMBRE DE ENTIDAD CORPORATIVA | |
| Nombre de entidad corporativa o nombre de jurisdicción como elemento de entrada | aDegroof Petercam Luxembourg, |
| Término indicativo de función/relación | host institution. |
| 9 (RLIN) | 34588 |
| 942 ## - ELEMENTOS DE PUNTO DE ACCESO ADICIONAL (KOHA) | |
| Fuente del sistema de clasificación o colocación | Library of Congress Classification |
| Suprimir en OPAC | 0 |
| Tipo de ítem Koha | |
No items available.